|
|
|
|
| LEADER |
00000nab a2200000 a 4500 |
| 001 |
vtls000579936 |
| 003 |
SK-MaSNL |
| 005 |
20260304204150.0 |
| 008 |
250425c1996 xo 0 slo |
| 015 |
|
|
|a SNBRB19rr/mm-uuuuu
|
| 035 |
|
|
|a CL0580074
|
| 035 |
|
|
|a urn:nbn:sk:snk-ab7fvw
|
| 035 |
|
|
|a (urnnbn)urn:nbn:sk:snk:ar-005dyu
|
| 035 |
|
|
|a (uuid)0a16e2e4-09eb-498c-90ab-8ab92c0692f9
|
| 040 |
|
|
|a SNKBUCL
|b slo
|c SNKBUCL
|e AACR2
|
| 041 |
0 |
|
|a slo
|
| 044 |
|
|
|a xo
|c SK
|
| 080 |
|
|
|a 616.71-007.234
|2 1981
|
| 100 |
1 |
|
|a Doering, Th. J.
|4 aut
|9 1377560
|
| 245 |
1 |
0 |
|a Diagnostika a liečba osteoporózy
|c Th. J. Doering
|
| 300 |
|
|
|b Obr. 1, res. angl., nem., lit. 20 zázn. v angl., češ., nem., slov.
|
| 650 |
0 |
7 |
|a osteoporóza
|2 snkbucl
|9 953
|
| 655 |
|
7 |
|a články z novín a časopisov
|2 snkbucl
|9 267496
|
| 773 |
0 |
|
|t Rehabilitácia
|g Roč. 29, č. 1 (1996), s. 44-46
|x 0375-0922
|
| 850 |
|
|
|a Slovenská národná knižnica
|
| 852 |
|
|
|a Slovenská národná knižnica
|
| 954 |
|
|
|a odborná, vedecká literatúra pôvodná (slovenská)
|2 lita
|
| 958 |
|
|
|a article7
|
| 958 |
|
|
|a OND
|
| 958 |
|
|
|a NB
|
| 958 |
|
|
|a RK
|
| 958 |
|
|
|a MI
|
| 958 |
|
|
|a EUIPO
|
| 992 |
|
|
|a RBX
|
| 999 |
|
|
|c 3114663
|d 3116593
|